Quizzes
Events
Quiz Creation
Community
Videos
Private Events
Remove Ads
Sign In
Join for FREE
Feedback
Dark Mode
Quiz Categories
Sports
Geography
Music
Movies
Television
Just For Fun
Miscellaneous
History
Literature
Language
Science
Gaming
Entertainment
Religion
Holiday
For Kids
Quiz Lab
Recent
Popular Today
Quiz Kudos Today
Editor Picks
Curator Picks
Quizzes by...
Day
Popularity
Type
Ratings
Length
Year
Community
Subscriptions
Recent Discussions
Orange Saloon
Badges
Playlists
Quests
Create
Leaderboards
Showdown
Live 5
Trivia Bingo
Activity
Puzzle Library
Sporcle Events
Private Events
Virtual Trivia
Globe League
Become a Host
Pub Owners
SporcleCon
Opinionation
Our Games
Videos
Blog
Mobile Apps
Partnerships
Remove Ads and Go Orange
Feedback
Sports
Athletes
MLB
NBA
NHL
NFL
Soccer
Sports Teams
WWE
NCAA
Football
Premier League
Basketball
Baseball
Hockey
Golf
Tennis
Cricket
Rugby
Auto Racing
Olympics
World Cup
Sports
Athletes
MLB
NBA
NHL
NFL
Soccer
Sports Teams
WWE
NCAA
Football
Premier League
Basketball
Baseball
Hockey
Golf
Tennis
Cricket
Rugby
Auto Racing
Olympics
World Cup
Random Quiz
Search Sporcle
×
Quiz Lab
Quiz Lab
Sports
Soccer
Type in answers that appear in a list
Type in answers that appear in a list
Classic
Best Score? Go Orange.
Goalkeepers goaled Messi Stats
Can you name the Goalkeepers goaled by Messi?
By
maiky21
13m
80 Questions
457 Plays
457 Plays
457 Plays
Comments
Comments
Give Quiz Kudos
Give Quiz Kudos
-
- Ratings
hide this ad
Replay
Link that replays current quiz
Next Quiz
Link to next quiz in quiz playlist
You Got
0%
They Got
Avg Score
10%
Avg Friend Score
Upgrade to see
Score Distribution
Jump to the score distribution portion of the page
Score
0/80
Timer
13:00
0
Plays Today
Team
Goalkeeper
% Correct
MAD
Casillas
97.8%
ATM
De Gea
47.5%
ATM
Courtois
44.9%
MAN
Van der Sar
42%
SEV
Palop
41.6%
ARS
Almunia
37%
LYON
Lloris
29.8%
VILL
Diego Lopez
27.4%
ALM
Diego Alves
25.8%
ZAR/
VAL
Cesar
24.3%
ESP
Kameni
24.3%
STU
Lehmann
23.6%
ATM
Coupet
23%
RSO
Bravo
22.1%
MLL
Moya
19.7%
OSA
Ricardo
16.8%
RAC/
DEP/
MLL
Aouate
15.5%
DEP
Aranzubia
15.3%
BEN
Caballero
13.3%
ATM/
ZAR
Roberto
12.9%
VIGO
Pinto
11.6%
BIL
Gorka
11.4%
VAL
Guaita
11.4%
MUN
Butt
10.9%
SEV
Varas
10.7%
ATM
Leo Franco
10.7%
WER
Wiese
10.3%
POR
Helton
9.2%
RAC
Toño
8.5%
ATM
Abbiatti
8.1%
VAL
Hildebrand
7.4%
CEL
Boruc
7.2%
MAL
Munua
7%
GET
Ustari
6.1%
MLL
Lux
6.1%
SHAK
Piatov
5.7%
ATM
Cuellar
5.7%
BET/
ZAR
Doblas
4.8%
LYON
Vercoutre
4.8%
TEN
Aragoneses
4.6%
Team
Goalkeeper
% Correct
RAN
Mcgregor
4.6%
OSA
Andres Fernandez
4.4%
ALM
Esteban
4.4%
ALM
Esteban
4.4%
REC
Riesgo
4.4%
SPO
Rui Patricio
4.2%
BET
Casto
3.7%
GET
Codina
3.7%
PAN
Tzorvas
3.1%
NUM
Juan Pablo
3.1%
HER
Calatayud
3.1%
BIL
Lafuente
3.1%
COP
Wiland
2.2%
MAL
Arnau
2.2%
VALL
Justo Villar
2%
ARS
Szcesny
1.8%
PAN
Galinovic
1.8%
ZAR
Carrizo
1.5%
MAL
Goitia
1.5%
ALA/
BAS
Constanzo
1.3%
DIN
Shovkovskyi
1.3%
GET
Stojkovic
1.3%
VALL
Jacobo
1.1%
GET
Luis Garcia
1.1%
LEV
Storari
1.1%
ESTU
Albil
1.1%
GIJ
Sergio Sanchez
0.9%
ALM
Cobeño
0.9%
REC
Sorrentino
0.7%
VIK
Pavlik
0.4%
NAS
Ruben Perez
0.4%
REC
Lopez Vallejo
0.4%
STU
Schafer
0.4%
ATL
Vilar
0.4%
BATE
Gutor
0.2%
ALB
Valbuena
0.2%
CEU
Fock
0.2%
LEV
Kujovic
0%
OSA
Roberto Fernandez
0%
CUL
Calzado
0%
Quiz Playlist
Details
Report
Send in Message
Add To Playlist
Classic:
Type in answers that appear in a list
Last Updated: Feb 16, 2017
Quiz Scoreboard
CHALLENGE
Sign Up to Join the Scoreboard
Show All
Scores
Hide
Comments
May contain spoilers
Recently Published
NBA Finals Game Top Scorers (2010s)
by flibbidy
Sports
5m
Guess the 'R' Things in 3 Words
by MSUKent
Miscellaneous
3m
Actor to Badly Drawn Movie III
by MoMosMoProblems
Movies
5m
More to Explore
Quiz From the Vault
Featured Blog Post
Where Does Lost Luggage Go?
hide this ad
You Might Also Like...
Tags
Soccer Quiz
Barcelona
Goal Scorers
Goal Seasons
Goals Scored
Lionel Messi
Today's Top Quizzes in Sports
Browse Sports
hide this ad
Today's Top Quizzes in Soccer
Browse Soccer
Top Contributed Quizzes in Sports
1
Les joueurs à 100 buts en Ligue 1 Uber Eats
2
2022 World Cup Stars
3
2024 March Madness Bracket
4
Millionaire: NBA Finals Edition
5
Players with Multiple 50 Home Run Seasons
6
Criteria MLB: Left Handed Sluggers
7
Nickname Match: Athletes VI
8
Iconic Moments in Football - Multiple Choice
9
NFL MVPs ordered
10
NBA Championships Per City
Explore More
Trending Topics
Crossword
Anime
Disney
Harry Potter
NBA
Kpop
Marvel
Country
Pokémon
Soccer
The Office
Song
NFL
Puzzle
WWE
hide this ad
More By:
maiky21
Quiz
Plays
Rating
Category
Featured
Created
Goalkeepers goaled Messi
457
1.60
Sports
Nov 2, 2011
Go to Creator's Profile
Score Distribution
Quiz Creator Spotlight
maiky21
Follow
Send a Message
Quizzes Created
-
Created Quiz Play Count
-
More By This Creator
Popular Quizzes Today
1
Find the US States - No Outlines Minefield
2
Find the US States
3
The Countries of the World
4
10 Largest US States in Order
5
Find the Countries of Europe - No Outlines Minefield
6
US States
7
Guess the 'R' Things in 3 Words
8
NBA Finals Game Top Scorers (2010s)
More Sports Quizzes
2022 World Cup Acrostic
Quiz Lab
Trending Quizzes
First Name TV: Leading Men
First Name TV: Leading Women Drama
Match the Book to the Film II
Pick A Pair: Religious TV
Match the Book to the Film VI
Recently Updated
Women's Final Four Teams by Year
bhenderson79
Presidents Quartet II
eogle
Anything But Clue(do)
eogle
Anything But Oceanian Capitals
eogle
Anything But 7
eogle
Anything But Thing
eogle
Word Ladder: February 29
pecheneg
Song Title Questions
pecheneg
Women's NCAA Tournament #1 Seeds
pecheneg
Celebrity Mug Shots
pecheneg
Trending Topics
NBA
Harry Potter
Disney
Marvel
Kpop
Crossword
Anime
Country
The Office
Pokémon
WWE
Soccer
Puzzle
Song
NFL
Your Account Isn't Verified!
In order to create a playlist on Sporcle, you need to verify the email address you used during registration. Go to your
Sporcle Settings
to finish the process.
Report this User
Report this user for behavior that violates our
Community Guidelines
.
Details:
Send Report
Go to the Sporcle.com Mobile Site →
Comments